| 000 | 02584cam a22004577i 4500 | ||
|---|---|---|---|
| 999 |
_c130337 _d130337 |
||
| 001 | 20961230 | ||
| 003 | ARRUPE | ||
| 005 | 20200211091629.0 | ||
| 008 | 190427t20192019gw b 001 0 eng d | ||
| 010 | _a 2019391593 | ||
| 016 | 7 |
_a117253201X _2DE-101 |
|
| 020 |
_a9783868382006 _q(paperback) |
||
| 020 |
_a3868382003 _q(paperback) |
||
| 024 | 3 | _a9783868382006 | |
| 035 | _a(OCoLC)on1079411884 | ||
| 040 |
_aYDX _beng _cYDX _erda _dRSC _dOHX _dOCLCF _dYDXIT _dCLU _dOCL _dUIU _dCBY _dWAU _dDLC |
||
| 042 | _alccopycat | ||
| 050 | 0 | 0 |
_aQ151 _b.F47 2019 |
| 082 | 0 | 4 |
_a113 _223 |
| 100 | 1 |
_aFeser, Edward, _eauthor. _949477 |
|
| 245 | 1 | 0 |
_aAristotle's revenge : _bthe metaphysical foundations of physical and biological science / _cEdward Feser. |
| 246 | 3 | 0 | _aMetaphysical foundations of physical and biological science |
| 260 |
_aGermany _bEditiones scholasticae _c2019 |
||
| 300 |
_a515 pages ; _c21 cm. |
||
| 490 | 1 | _aEditiones scholasticae | |
| 504 | _aIncludes bibliography (pages 457-497) and index. | ||
| 505 | 0 | _aTwo philosophies of nature -- The scientist and scientific method -- Science and reality -- Space, time, and motion -- The philosophy of matter -- Animate nature. | |
| 520 | _aActuality and potentiality, substantial form and prime matter, efficient causality and teleology are among the fundamental concepts of Aristotelian philosophy of nature. Aristotle's Revenge argues that these concepts are not only compatible with modern science, but are implicitly presupposed by modern science. Among the many topics covered are: the metaphysical presuppositions of scientific method; the status of scientific realism; the metaphysics of space and time; the metaphysics of quantum mechanics; reductionism in chemistry and biology; the metaphysics of evolution; neuroscientific reductionism. The book interacts heavily with the literature on these issues in contemporary analytic metaphysics and philosophy of science, so as to bring contemporary philosophy and science into dialogue with the Aristotelian tradition. | ||
| 650 | 0 |
_aPhilosophy of nature. _917211 |
|
| 650 | 0 |
_aMetaphysics. _949478 |
|
| 650 | 0 |
_aPhysics _xPhilosophy. _949479 |
|
| 650 | 0 |
_aScholasticism. _913166 |
|
| 650 | 7 |
_aPhysics _xPhilosophy. _2fast _949479 |
|
| 650 | 7 |
_aMetaphysics. _2fast _949478 |
|
| 650 | 7 |
_aPhilosophy of nature. _2fast _917211 |
|
| 650 | 7 |
_aScholasticism. _2fast _913166 |
|
| 830 | 0 |
_aEditiones scholasticae. _949480 |
|
| 906 |
_a7 _bcbc _ccopycat _d2 _encip _f20 _gy-gencatlg |
||
| 942 |
_2lcc _cMONOGRAPH |
||